Statistiques concernant L'origine des noms des grandes marques

Cliquez ici pour prendre le quiz!

Statistiques générales

  • Ce quiz a été pris 71 fois
  • Le résultat moyen est 6 sur 15

Statistiques - réponses

indiceréponse% Correct
Déesse de la victoire et du triomphe dans la mythologie grecqueNike
76%
Dieu grec du commerce, de la communication, du voyage et messager des DieuxHermès
62%
Dieu de la guerre dans la mythologie romaineMars
62%
Discipline d'origine grecque de l'athlétisme appartenant à la catégorie des épreuves combinéesDécathlon
61%
Fleuve le plus long du monde (en anglais)Amazon
59%
"Niveus", mot latin signifiant "blanc de neige"Nivea
59%
Inventeur et physicien d’origine serbe reconnu pour ses travaux dans le domaine de l’électricitéTesla
55%
Marque de voiture signifiant "entendre" en latinAudi
35%
Acronyme latin signifiant "une âme saine dans un corps sain"ASICS
30%
Groupe de peuples d'Amérique du SudQuechua
23%
Héros de la guerre de Troie qui se disputera avec Ulysse pour conserver le bouclier d’Achille après sa mortAjax
12%
Marque de produit cosmétique signifiant "viens avec moi" en latinVademecum
12%
Plus haut sommet d'Amérique du nordMckinley
11%
Dérivation du mot latin signifiant "stable, ferme et solide"Stabilo
11%
Boisson provenant du mot grecque "digestion"Pepsi
8%

Distribution des résultats

Percentile par nombre de réponses

% des personnes avec chaque résultat

Votre développement - résultats

Vous n’avez pas pris ce quiz